عرض عادي عرض مارك
  • Organic compounds

مدخل مصطلح موضوعي

عدد التسجيلات المستخدمة في: 9

001 - رقم الضبط

  • حقل الضبط: 17183

003 - معرف رقم الضبط

  • حقل الضبط: OSt

005 - تاريخ ووقت أخر عملية

  • حقل الضبط: 20120917223053.0

008 - عناصر بيانات ثابتة الطول

  • حقل تحكم ثابت الطول: 120917|||a|||||| | ||| d

040 ## - مصدر الفهرسة

  • هيئة الفهرسة الأصلية: OSt
  • وكالة الكتابة: OSt

150 ## - مدخل-- مصطلح تاريخي

  • عنصر مدخل المصطلح الموضوعي او الاسم الجغرافي: Organic compounds
  • تفريع عام: Synthesis.

670 ## - بيانات المصدر موجوده

  • الاستشهاد بالمصدر: Work cat.: (OSt)0: Bruckner, Reinhard, 1955- 17182, Organic mechanisms, c2010.